ბათუმის შოთა რუსთაველის სახელმწიფო უნივერსიტეტის ბიბლიოთეკა

სოციოლოგია= Sociology / (ბიბ.ჩანაწერი № 34408)

000 -ლიდერი
ფიქსირებული სიგრძის საკონტროლო ველი 01023nam a2200241Ia 4500
001 - საკონტროლო ნომერი
საკონტროლო ველი 112
003 - საკონტროლო ნომრის იდენტიფიკატორი
საკონტროლო ველი GE_BSU
005 - ბოლო ოპერაციის თარიღი და დრო
საკონტროლო ველი 20220825142422.0
008 - ფიქსირებული სიგრძის მონაცემთა ელემენტები - ზოგადი ინფორმაცია
ფიქსირებული სიგრძის საკონტროლო ველი 181216s2008||||ge |||||||||||||| ||geo||
020 ## - წიგნის საერთაშორისო სტანდარტული ნომერი
International Standard Book Number 9789994058051
040 ## - კატალოგიზაციის წყარო
Transcribing agency GE_BSU
041 ## - ენის კოდი
Language code of text/sound track or separate title geo
080 ## - უნივერსალური ათობითი კლასიფიკაციის ინდექსი
Universal Decimal Classification number 316(075.8) კ–19
100 ## - მთავარი ჩანაწერი - პიროვნების სახელი
Personal name კალჰუნი, ქრეგ
9 (RLIN) 14550
245 ## - ცნობა სათაურის შესახებ
Title სოციოლოგია= Sociology /
Statement of responsibility, etc ქრეგ კალჰუნი, დონალდ ლაითი, სუზენ კელერი.
264 ## - წარმოების, გამოცემის, დისტრიბუციის და სხვა ცნობები
გამოცემის, წარმოების, დისტრიბუციის... ადგილი თბილისი :
გამოცემის, წარმოების, დისტრიბუციის... სახელწოდება ი. ჭავჭავაძის უნ-ტის გამ-ბა,
გამოცემის, წარმოების, დისტრიბუციის... თარიღი 2008.
300 ## - ფიზიკური აღწერა
Extent 895 გვ.;
Other physical details 28 სმ.
653 ## - INDEX TERM--UNCONTROLLED
Uncontrolled term სოციოლოგია
700 ## - ADDED ENTRY--PERSONAL NAME
Personal name ლაითი, დონალდ.
Relator term ავტორი
9 (RLIN) 14551
700 ## - ADDED ENTRY--PERSONAL NAME
Personal name კელერი, სუზენ.
Relator term ავტორი
9 (RLIN) 14552
856 ## - ELECTRONIC LOCATION AND ACCESS
Uniform Resource Identifier https://library.iliauni.edu.ge/wp-content/uploads/2017/03/Sotsiologia.pdf
Link text ელ. ვერსია. pdf
942 ## - ADDED ENTRY ELEMENTS (KOHA)
Koha item type წიგნი
Source of classification or shelving scheme
ეგზემპლარები
ჩამოწერის სტატუსი დაკარგული ეგზემპლარის სტატუსი კლასიფიკაციის წყარო ან თაროზე გაწყობის სქემა დაზიანების სტატუსი არ გაიცემა მუდმივი მდებარეობა (დაცვის ადგილი) ამჟამინდელი ადგილსამყოფელი თაროზე განთავსების ადგილი შეძენის თარიღი ღირებულება, შესყიდვის ნორმალური ფასი სრული შენახვის შიფრი შტრიხკოდი ბოლო ოპერაციის თარიღი ეგზემპლარის მიმდევრობითი ნომერი (კეტერი?) ფასის ძალაში შესვლის თარიღი ეგზემპლარის სახეობა საჯარო შენიშვნა
          ბათუმის შოთა რუსთაველის სახელმწიფო უნივერსიტეტის მთავარი ბიბლიოთეკა ბათუმის შოთა რუსთაველის სახელმწიფო უნივერსიტეტის მთავარი ბიბლიოთეკა წიგნსაცავი 2018-12-17 20.00 316(075.8) კ–19 2095 2018-12-17 2095 2018-12-17 წიგნი 20 ლ.
          ბათუმის შოთა რუსთაველის სახელმწიფო უნივერსიტეტის მთავარი ბიბლიოთეკა ბათუმის შოთა რუსთაველის სახელმწიფო უნივერსიტეტის მთავარი ბიბლიოთეკა წიგნსაცავი 2018-12-17 20.00 316(075.8) კ–19 2094 2018-12-17 2094 2018-12-17 წიგნი 20 ლ.